Fundamentals of Software Engineering (Record no. 5682)

MARC details
000 -LEADER
fixed length control field 00405nam a22001577a 4500
005 - DATE AND TIME OF LATEST TRANSACTION
control field 20180227152538.0
008 - FIXED-LENGTH DATA ELEMENTS--GENERAL INFORMATION
fixed length control field 180227b xxu||||| |||| 00| 0 eng d
020 ## - INTERNATIONAL STANDARD BOOK NUMBER
ISBN 978-81-203-3819-7
041 ## - LANGUAGE CODE
Language code of text/sound track or separate title eng
082 ## - DEWEY DECIMAL CLASSIFICATION NUMBER
Classification number 005.1
100 ## - MAIN ENTRY--AUTHOR NAME
Personal name mall, Rajib
245 ## - TITLE STATEMENT
Title Fundamentals of Software Engineering
Statement of responsibility, etc Rajib Mall
260 ## - PUBLICATION, DISTRIBUTION, ETC. (IMPRINT)
Place of publication New Delhi
Name of publisher PHI LEARNING PVT LTD
Year of publication 2009
300 ## - PHYSICAL DESCRIPTION
Number of Pages 433p.
942 ## - ADDED ENTRY ELEMENTS (KOHA)
Koha item type Books
Holdings
Lost status Damaged status Home library Current library Date acquired Cost, normal purchase price Full call number Accession Number Koha item type
Missing   JRU Library   27/02/2018 250.00 005.1 11000 Books
Missing   JRU Library   27/02/2018 250.00 005.1 11001 Books
Missing   JRU Library   27/02/2018 250.00 005.1 11002 Books
Missing   JRU Library   27/02/2018 250.00 005.1 11003 Books
Missing   JRU Library   27/02/2018 250.00 005.1 11004 Books
Missing   JRU Library   27/02/2018   005.1 11005 Books
Missing   JRU Library   27/02/2018   005.1 11006 Books
Missing   JRU Library   27/02/2018   005.1 11007 Books
Missing   JRU Library   27/02/2018   005.1 11008 Books
Missing   JRU Library   27/02/2018   005.1 11009 Books